Normal view
MARC view
- Gwādar Port (Gwādar, Pakistan)
Entry Geographic Name
001 - CONTROL NUMBER
- control field: 3928
003 - CONTROL NUMBER IDENTIFIER
- control field: NUST
005 - DATE AND TIME OF LATEST TRANSACTION
- control field: 20170817104149.0
008 - FIXED-LENGTH DATA ELEMENTS
- fixed length control field: 170817|| aca||aabn | a|a d
040 ## - CATALOGING SOURCE
- Original cataloging agency: NUST
- Transcribing agency: NUST
151 ## - HEADING--GEOGRAPHIC NAME
- Geographic name: Gwādar Port (Gwādar, Pakistan)
670 ## - SOURCE DATA FOUND
- Source citation: Work cat.: (NUST)0: Mir, Nadir. 3924, Gwadar on the global chessboard :, 2010.
